| 000 | 00762nac a2200241 a 4500 | ||
|---|---|---|---|
| 003 | CO-PeBPM | ||
| 005 | 20251024092120.0 | ||
| 007 | ta | ||
| 008 | 251024s2007 ck a|||| |||| 00| 0 spa d | ||
| 020 | _a9788478717798 | ||
| 040 |
_aCO-PeBPM _bspa _cCO-PeBPM _erda |
||
| 041 | _aspa | ||
| 082 | 0 | 4 |
_a(i) 823 M526c _222 |
| 100 | 1 |
_aMelling, David _eautor |
|
| 245 | 1 | 0 |
_aComo mi mamá _c/ David Melling ; traducción de Miguel Ángel Mendo |
| 260 |
_aBarcelona, España _b : RBA Molino _c, 2007 |
||
| 300 |
_a[50] páginas. _bilustraciones a color _c19 centimetros |
||
| 650 | 1 | 4 |
_aCuentos infantiles ingleses _2LEMB |
| 650 | 1 | 4 |
_aCuentos de la vida real _2LEMB |
| 700 | 1 |
_a Mendo, Miguel Ángel _etraductor |
|
| 765 | _aJust like my Mum | ||
| 942 |
_2ddc _cLITA _n0 |
||
| 999 |
_c61372 _d61372 |
||